The Falcon and The Winter Soldier Quiz (SPOILERS) - Statistics

General Stats
  • This quiz has been taken 35 times
  • The average score is 10 of 21
Answer Stats
Actor Role % Correct
Anthony Mackie Sam Wilson/Falcon/Captain America
100%
Sebastian Stan Bucky Barnes/The Winter Soldier
97%
Wyatt Russell John Walker/Captain America/U.S. Agent
87%
Emily VanCamp Sharon Carter/Power Broker
80%
Erin Kellyman Karli Morgenthau/The Flag-Smasher
67%
Daniel Brühl Baron Zemo
63%
Don Cheadle James Rhodes
63%
Clé Bennett Lemar Hoskins/Battlestar
47%
Julia Louis-Dreyfus Val
47%
Florence Kasumba Ayo
43%
Danny Ramirez Joaquin Torres
43%
Georges St-Pierre Georges Batroc/Batroc the Leaper
40%
Carl Lumbly Isaiah Bradley
27%
Aaron Haynes AJ
23%
Elijah Richardson Eli Bradley
23%
Chase River McGhee Cass
20%
Adepero Oduye Sarah Wilson
20%
Desmond Chiam Dovich
17%
Amy Aquino Dr. Christina Raynor
17%
Miki Ishikawa Leah
17%
Ken Takemoto Yori Nakajima
17%
No matching quizzes found
Score Distribution
Percent of People with Each Score
Percentile by Number Answered
Your Score History
You have not taken this quiz